00337nam a2200133Ia 4500008004100000041000800041082001600049100002000065245003100085250002200116260002200138300001200160650003100172231207s9999 xx 000 0 und d aeng a005.133/HIR aHerbert Schildt aThe complete reference C++ a2003, 4th Edition bTata mc graw hill aPB/1036 aComnputer Program Language